UBT Library

Alzheimer's & dementia : (Record no. 42358)

000 -LEADER
fixed length control field 00777cam a2200241 a 4500
001 - CONTROL NUMBER
control field 674137
005 - DATE AND TIME OF LATEST TRANSACTION
control field 20180213040941.0
008 - FIXED-LENGTH DATA ELEMENTS--GENERAL INFORMATION
fixed length control field 951222s1996 pau b 001 0 eng
010 ## - LIBRARY OF CONGRESS CONTROL NUMBER
LC control number 95053678
020 ## - INTERNATIONAL STANDARD BOOK NUMBER
International Standard Book Number 1882606574
040 ## - CATALOGING SOURCE
Original cataloging agency DLC
Transcribing agency DLC
Modifying agency DLC
041 ## - LANGUAGE CODE
Language code of text/sound track or separate title eng
080 ## - UNIVERSAL DECIMAL CLASSIFICATION NUMBER
Universal Decimal Classification number 616.83 HAY
082 00 - DEWEY DECIMAL CLASSIFICATION NUMBER
Classification number 616.83 HAY
Edition number 20
100 1# - Rafti
Rafti 7
101 ## - Shkurtesa
Shkurtesa NEU
245 10 - TITLE STATEMENT
Title Alzheimer's & dementia :
Statement of responsibility, etc by Jennifer Hay.
246 3# - VARYING FORM OF TITLE
Title proper/short title Alzheimer's and dementia
504 ## - BIBLIOGRAPHY, ETC. NOTE
Bibliography, etc Includes bibliographical references (p. 183-184) and index.
906 ## - LOCAL DATA ELEMENT F, LDF (RLIN)
a 7
b cbc
c orignew
d 1
e ocip
f 19
g y-gencatlg
942 ## - ADDED ENTRY ELEMENTS (KOHA)
Source of classification or shelving scheme
Item type Books
Holdings
Withdrawn status Lost status Source of classification or shelving scheme Damaged status Not for loan Collection code Permanent location Current location Shelving location Date acquired Total Checkouts Full call number Barcode Date last seen Price effective from Koha item type
          Koleksioni i përgjithshem UBT - Lipjan UBT - Lipjan Koleksioni i përgjithshem 02/13/2018   616.83 HAY 002-2998119 02/13/2018 02/13/2018 Books
UBT Library © 2015-2024. All rights reserved University Education for Business and Technology